Joueurs les plus capés de l'ASSE - Statistiques

Statistiques générales
  • Ce quiz a été pris 118 fois
  • Le résultat moyen est 5 sur 12
Statistiques - réponses
Joueur Apparitions % Correct
3 Loïc Perrin 470
90%
9 Stéphane Ruffier 383
89%
6 Hervé Revelli 402
50%
8 Jérémie Janot 386
44%
6 Jean-Michel Larqué 402
42%
2 Robert Herbin 492
41%
9 Ivan Curkovic 383
37%
7 Gérard Janvion 394
23%
4 Christian Lopez 452
18%
1 René Domingo 533
15%
5 Gérard Farison 410
10%
10 Jean Castaneda 360
2%
Aucun quiz correspondant
Distribution des résultats
% des personnes avec chaque résultat
Percentile par nombre de réponses
Votre historique - résultats
Vous n’avez pas pris ce quiz